<?xml version="1.0" encoding="UTF-8"?>
<record
    xmlns:xsi="http://www.w3.org/2001/XMLSchema-instance"
    xsi:schemaLocation="http://www.loc.gov/MARC21/slim http://www.loc.gov/standards/marcxml/schema/MARC21slim.xsd"
    xmlns="http://www.loc.gov/MARC21/slim">

  <leader>02747nam2a2200289   4500</leader>
  <controlfield tag="001">RU\NLR\BIBL_A\012670011</controlfield>
  <controlfield tag="005">20240905150933.0</controlfield>
  <datafield tag="010" ind1=" " ind2=" ">
    <subfield code="a">978-5-86035-089-2</subfield>
  </datafield>
  <datafield tag="021" ind1=" " ind2=" ">
    <subfield code="a">RU</subfield>
    <subfield code="b">&#x41A;&#x41D;-&#x41F;-21-055811</subfield>
    <subfield code="9">&#x41A;&#x41D;-&#x41F;-21-4369</subfield>
  </datafield>
  <datafield tag="035" ind1=" " ind2=" ">
    <subfield code="a">(NLR Aleph) 012670011</subfield>
  </datafield>
  <datafield tag="090" ind1=" " ind2=" ">
    <subfield code="a">12782071</subfield>
    <subfield code="c">12782071</subfield>
  </datafield>
  <datafield tag="100" ind1=" " ind2=" ">
    <subfield code="a">20211217d2021    k  y0rusy50      ca</subfield>
  </datafield>
  <datafield tag="101" ind1="0" ind2=" ">
    <subfield code="a">rus</subfield>
    <subfield code="d">eng</subfield>
  </datafield>
  <datafield tag="102" ind1=" " ind2=" ">
    <subfield code="a">RU</subfield>
  </datafield>
  <datafield tag="105" ind1=" " ind2=" ">
    <subfield code="a">ach z   010zd</subfield>
  </datafield>
  <datafield tag="200" ind1="1" ind2=" ">
    <subfield code="a">&#x41A;&#x43B;&#x438;&#x43D;&#x438;&#x43A;&#x438; &#x438; &#x43B;&#x430;&#x431;&#x43E;&#x440;&#x430;&#x442;&#x43E;&#x440;&#x438;&#x438;: &#x43F;&#x440;&#x43E;&#x448;&#x43B;&#x43E;&#x435; &#x438; &#x43D;&#x430;&#x441;&#x442;&#x43E;&#x44F;&#x449;&#x435;&#x435;</subfield>
    <subfield code="d">Departments and laboratories: past and present</subfield>
    <subfield code="f">&#x41B;&#x438;&#x445;&#x442;&#x435;&#x440;&#x43C;&#x430;&#x43D; &#x41B;&#x435;&#x43E;&#x43D;&#x438;&#x434; &#x411;&#x43E;&#x43B;&#x435;&#x441;&#x43B;&#x430;&#x432;&#x43E;&#x432;&#x438;&#x447;</subfield>
    <subfield code="g">&#x440;&#x435;&#x434;&#x430;&#x43A;&#x442;&#x43E;&#x440;-&#x441;&#x43E;&#x441;&#x442;&#x430;&#x432;&#x438;&#x442;&#x435;&#x43B;&#x44C;: &#x41B;. &#x411;. &#x41B;&#x438;&#x445;&#x442;&#x435;&#x440;&#x43C;&#x430;&#x43D;</subfield>
    <subfield code="g">&#x433;&#x43B;&#x430;&#x432;&#x43D;&#x44B;&#x439; &#x440;&#x435;&#x434;&#x430;&#x43A;&#x442;&#x43E;&#x440;: &#x414;. &#x42E;. &#x423;&#x441;&#x430;&#x447;&#x451;&#x432;</subfield>
    <subfield code="g">&#x424;&#x413;&#x410;&#x423; "&#x41D;&#x430;&#x446;&#x438;&#x43E;&#x43D;&#x430;&#x43B;&#x44C;&#x43D;&#x44B;&#x439; &#x43C;&#x435;&#x434;&#x438;&#x446;&#x438;&#x43D;&#x441;&#x43A;&#x438;&#x439; &#x438;&#x441;&#x441;&#x43B;&#x435;&#x434;&#x43E;&#x432;&#x430;&#x442;&#x435;&#x43B;&#x44C;&#x441;&#x43A;&#x438;&#x439; &#x446;&#x435;&#x43D;&#x442;&#x440; &#x43D;&#x435;&#x439;&#x440;&#x43E;&#x445;&#x438;&#x440;&#x443;&#x440;&#x433;&#x438;&#x438; &#x438;&#x43C;. &#x41D;.&#x41D;. &#x411;&#x443;&#x440;&#x434;&#x435;&#x43D;&#x43A;&#x43E;" &#x41C;&#x438;&#x43D;&#x438;&#x441;&#x442;&#x435;&#x440;&#x441;&#x442;&#x432;&#x430; &#x437;&#x434;&#x440;&#x430;&#x432;&#x43E;&#x43E;&#x445;&#x440;&#x430;&#x43D;&#x435;&#x43D;&#x438;&#x44F; &#x420;&#x43E;&#x441;&#x441;&#x438;&#x439;&#x441;&#x43A;&#x43E;&#x439; &#x424;&#x435;&#x434;&#x435;&#x440;&#x430;&#x446;&#x438;&#x438;</subfield>
    <subfield code="z">eng</subfield>
  </datafield>
  <datafield tag="210" ind1=" " ind2=" ">
    <subfield code="a">&#x41C;&#x43E;&#x441;&#x43A;&#x432;&#x430;</subfield>
    <subfield code="c">&#x424;&#x413;&#x410;&#x423; "&#x41D;&#x430;&#x446;&#x438;&#x43E;&#x43D;&#x430;&#x43B;&#x44C;&#x43D;&#x44B;&#x439; &#x43C;&#x435;&#x434;&#x438;&#x446;&#x438;&#x43D;&#x441;&#x43A;&#x438;&#x439; &#x438;&#x441;&#x441;&#x43B;&#x435;&#x434;&#x43E;&#x432;&#x430;&#x442;&#x435;&#x43B;&#x44C;&#x441;&#x43A;&#x438;&#x439; &#x446;&#x435;&#x43D;&#x442;&#x440; &#x43D;&#x435;&#x439;&#x440;&#x43E;&#x445;&#x438;&#x440;&#x443;&#x440;&#x433;&#x438;&#x438; &#x438;&#x43C;&#x435;&#x43D;&#x438; &#x430;&#x43A;&#x430;&#x434;&#x435;&#x43C;&#x438;&#x43A;&#x430; &#x41D;. &#x41D;. &#x411;&#x443;&#x440;&#x434;&#x435;&#x43D;&#x43A;&#x43E;" &#x41C;&#x438;&#x43D;&#x438;&#x441;&#x442;&#x435;&#x440;&#x441;&#x442;&#x432;&#x430; &#x437;&#x434;&#x440;&#x430;&#x432;&#x43E;&#x43E;&#x445;&#x440;&#x430;&#x43D;&#x435;&#x43D;&#x438;&#x44F; &#x420;&#x424;</subfield>
    <subfield code="d">2021</subfield>
  </datafield>
  <datafield tag="215" ind1=" " ind2=" ">
    <subfield code="a">579, [1] &#x441;.</subfield>
    <subfield code="c">&#x438;&#x43B;., &#x43F;&#x43E;&#x440;&#x442;&#x440;., &#x444;&#x430;&#x43A;&#x441;., &#x446;&#x432;. &#x438;&#x43B;., &#x446;&#x432;. &#x43F;&#x43E;&#x440;&#x442;&#x440;., &#x446;&#x432;. &#x444;&#x430;&#x43A;&#x441;.</subfield>
  </datafield>
  <datafield tag="300" ind1=" " ind2=" ">
    <subfield code="a">&#x410;&#x432;&#x442;. &#x443;&#x43A;&#x430;&#x437;&#x430;&#x43D; &#x43D;&#x430; &#x43E;&#x431;&#x43E;&#x440;&#x43E;&#x442;&#x435; &#x442;&#x438;&#x442;. &#x441;.</subfield>
  </datafield>
  <datafield tag="320" ind1=" " ind2=" ">
    <subfield code="a">&#x411;&#x438;&#x431;&#x43B;&#x438;&#x43E;&#x433;&#x440;. &#x432; &#x43A;&#x43E;&#x43D;&#x446;&#x435; &#x440;&#x430;&#x437;&#x434;.</subfield>
  </datafield>
  <datafield tag="461" ind1=" " ind2="0">
    <subfield code="1">001RU\NLR\BIBL_A\012412779</subfield>
    <subfield code="1">2001#$a&#x41D;&#x430;&#x446;&#x438;&#x43E;&#x43D;&#x430;&#x43B;&#x44C;&#x43D;&#x44B;&#x439; &#x446;&#x435;&#x43D;&#x442;&#x440; &#x43D;&#x435;&#x439;&#x440;&#x43E;&#x445;&#x438;&#x440;&#x443;&#x440;&#x433;&#x438;&#x438;$dThe National center of neurosurgery$e&#x43A; 90-&#x43B;&#x435;&#x442;&#x438;&#x44E; &#x43E;&#x441;&#x43D;&#x43E;&#x432;&#x430;&#x43D;&#x438;&#x44F;$f&#x410;.&#x410;. &#x41F;&#x43E;&#x442;&#x430;&#x43F;&#x43E;&#x432;, &#x41B;.&#x411;. &#x41B;&#x438;&#x445;&#x442;&#x435;&#x440;&#x43C;&#x430;&#x43D;, &#x413;.&#x412;. &#x414;&#x430;&#x43D;&#x438;&#x43B;&#x43E;&#x432;$g&#x43F;&#x43E;&#x434; &#x440;&#x435;&#x434;&#x430;&#x43A;&#x446;&#x438;&#x435;&#x439; &#x414;.&#x42E;. &#x423;&#x441;&#x430;&#x447;&#x451;&#x432;&#x430;$g&#x424;&#x413;&#x410;&#x423; "&#x41D;&#x430;&#x446;&#x438;&#x43E;&#x43D;&#x430;&#x43B;&#x44C;&#x43D;&#x44B;&#x439; &#x43C;&#x435;&#x434;&#x438;&#x446;&#x438;&#x43D;&#x441;&#x43A;&#x438;&#x439; &#x438;&#x441;&#x441;&#x43B;&#x435;&#x434;&#x43E;&#x432;&#x430;&#x442;&#x435;&#x43B;&#x44C;&#x441;&#x43A;&#x438;&#x439; &#x446;&#x435;&#x43D;&#x442;&#x440; &#x43D;&#x435;&#x439;&#x440;&#x43E;&#x445;&#x438;&#x440;&#x443;&#x440;&#x433;&#x438;&#x438; &#x438;&#x43C;. &#x41D;.&#x41D;. &#x411;&#x443;&#x440;&#x434;&#x435;&#x43D;&#x43A;&#x43E;"$zeng$v&#x427;. 3</subfield>
    <subfield code="1">700#1$a&#x41F;&#x43E;&#x442;&#x430;&#x43F;&#x43E;&#x432;$b&#x410;. &#x410;.$c&#x434;-&#x440; &#x43C;&#x435;&#x434;. &#x43D;&#x430;&#x443;&#x43A;$f1948-2021$g&#x410;&#x43B;&#x435;&#x43A;&#x441;&#x430;&#x43D;&#x434;&#x440; &#x410;&#x43B;&#x435;&#x43A;&#x441;&#x430;&#x43D;&#x434;&#x440;&#x43E;&#x432;&#x438;&#x447;$3RU\NLR\AUTH\77113975</subfield>
    <subfield code="9">11784169</subfield>
    <subfield code="a">&#x41F;&#x43E;&#x442;&#x430;&#x43F;&#x43E;&#x432;, &#x410;. &#x410;. (&#x434;-&#x440; &#x43C;&#x435;&#x434;. &#x43D;&#x430;&#x443;&#x43A; ; 1948-2021)</subfield>
    <subfield code="c">&#x41C;&#x43E;&#x441;&#x43A;&#x432;&#x430;</subfield>
    <subfield code="d">2020</subfield>
    <subfield code="f">&#x410;.&#x410;. &#x41F;&#x43E;&#x442;&#x430;&#x43F;&#x43E;&#x432;, &#x41B;.&#x411;. &#x41B;&#x438;&#x445;&#x442;&#x435;&#x440;&#x43C;&#x430;&#x43D;, &#x413;.&#x412;. &#x414;&#x430;&#x43D;&#x438;&#x43B;&#x43E;&#x432;</subfield>
    <subfield code="l">The National center of neurosurgery</subfield>
    <subfield code="n">&#x41A;&#x43E;&#x43D;&#x441;&#x442;&#x430;&#x43D;&#x442;&#x430;</subfield>
    <subfield code="o">&#x43A; 90-&#x43B;&#x435;&#x442;&#x438;&#x44E; &#x43E;&#x441;&#x43D;&#x43E;&#x432;&#x430;&#x43D;&#x438;&#x44F;</subfield>
    <subfield code="t">&#x41D;&#x430;&#x446;&#x438;&#x43E;&#x43D;&#x430;&#x43B;&#x44C;&#x43D;&#x44B;&#x439; &#x446;&#x435;&#x43D;&#x442;&#x440; &#x43D;&#x435;&#x439;&#x440;&#x43E;&#x445;&#x438;&#x440;&#x443;&#x440;&#x433;&#x438;&#x438;</subfield>
    <subfield code="v">&#x427;. 3</subfield>
  </datafield>
  <datafield tag="510" ind1="1" ind2=" ">
    <subfield code="6">z37790</subfield>
    <subfield code="a">Departments and laboratories: past and present</subfield>
    <subfield code="z">eng</subfield>
  </datafield>
  <datafield tag="790" ind1=" " ind2="1">
    <subfield code="7">ba</subfield>
    <subfield code="8">rus</subfield>
    <subfield code="a">Lichterman</subfield>
    <subfield code="b">L. B.</subfield>
    <subfield code="f">1931-</subfield>
    <subfield code="g">Leonid Boleslavovi&#x10D;</subfield>
    <subfield code="9">38921</subfield>
    <subfield code="3">RU\NLR\AUTH\7755989</subfield>
  </datafield>
  <datafield tag="942" ind1=" " ind2=" ">
    <subfield code="c">BOOK</subfield>
  </datafield>
  <datafield tag="980" ind1=" " ind2=" ">
    <subfield code="a">NB</subfield>
  </datafield>
  <datafield tag="995" ind1=" " ind2=" ">
    <subfield code="5">2021-12-17</subfield>
    <subfield code="a">ad</subfield>
    <subfield code="b">NLR01</subfield>
    <subfield code="c">NLR01</subfield>
    <subfield code="e">RF81</subfield>
    <subfield code="f">1-3600660</subfield>
    <subfield code="k">2020-8/2399</subfield>
    <subfield code="o">0</subfield>
    <subfield code="r">BOOK</subfield>
    <subfield code="s">202082399_</subfield>
  </datafield>
  <datafield tag="995" ind1=" " ind2=" ">
    <subfield code="5">2021-12-17</subfield>
    <subfield code="a">ad</subfield>
    <subfield code="b">NLR01</subfield>
    <subfield code="c">NLR01</subfield>
    <subfield code="e">RF81</subfield>
    <subfield code="f">1-3600667</subfield>
    <subfield code="k">2020-8/2399</subfield>
    <subfield code="o">0</subfield>
    <subfield code="r">BOOK</subfield>
    <subfield code="s">202082399_</subfield>
  </datafield>
</record>
